Bundesliga Teams 2025/2026 - Statistiken

Allgemein
  • Dieses Quiz wurde 57 mal gespielt
  • Das Durchschnittsergebnis liegt bei 17 aus 18
Antwortstatistiken
Antwort % Korrekt
RB Leipzig
100%
Borussia Dortmund
98%
VFB Stuttgart
98%
Bayer Leverkusen
96%
FC Bayern München
96%
HSV
96%
SGE Freiburg
96%
Werder Bremen
96%
1. FC Köln
94%
Eintracht Frankfurt
94%
Mainz 05
94%
VFL Wolfsburg
94%
1. FC Union
93%
FC Augsburg
93%
1. FC Heidenheim
91%
Borussia Mönchen-Gladbach
91%
FC St. Pauli
89%
TSG Hoffenheim
89%
Keine übereinstimmenden Quizze gefunden
Verteilung der Resultate
Anzahl Personen mit jedem Resultat
Perzentil nach korrekt beantworteten Fragen
Ihre Resultats-Entwicklung
Sie haben dieses Quiz noch nicht gespielt